Déjalo Claro - Recycled J, Abraham Mateo - Estadísticas

Estadísticas generales
  • Esta prueba ha sido intentada 28 veces
  • La puntuación promedio es 218 de 310
Estadísticas de respuestas
Letra % Correcto
a
100%
cara
100%
comer
100%
con
100%
Con
100%
de
100%
él
100%
el
100%
Es
100%
está'
100%
está
100%
estás
100%
lo
100%
me
100%
Me
100%
no
100%
No
100%
o
100%
¿o
100%
Pero
100%
pero
100%
Que
100%
qué?
100%
¿Qué
100%
Que,
100%
que
100%
qué
100%
quiere'
100%
quieres
100%
100%
se
100%
si
100%
Si
100%
sola
100%
te
100%
ti
100%
tu
100%
100%
100%
ve
100%
veo,
100%
y
100%
Y
100%
Yo
100%
yo
100%
Yo-Yo-Yo
100%
al
67%
ala'
67%
angelito
67%
Bien
67%
claro
67%
Déjalo
67%
delito'
67%
devoramos
67%
Di
67%
dime
67%
Dime,
67%
Dímelo
67%
en
67%
Entre
67%
ere'
67%
guiño,
67%
guiño
67%
hacemos?
67%
haciendo
67%
Haz
67%
hotel,
67%
hotel
67%
King
67%
know
67%
Kong
67%
le
67%
Let
67%
mono
67%
nos
67%
pone
67%
ron,
67%
señal
67%
sin
67%
solo
67%
suda'íto',
67%
también
67%
un
67%
una
67%
vamos
67%
viniste
67%
aguanto
33%
amor
33%
aquí
33%
delitos
33%
directo
33%
do',
33%
gana'
33%
jugando
33%
la
33%
la-,
33%
la-
33%
las
33%
Los
33%
más
33%
nena,
33%
ping-pong
33%
rato
33%
reggaeton
33%
rico
33%
suelo
33%
tan
33%
Tengo
33%
Yeah
33%
yendo
33%
Bota
0%
bote
0%
caeré
0%
coche
0%
Cuando
0%
cuándo
0%
das,
0%
despué'?
0%
Don
0%
dónde,
0%
encuentro
0%
goldchain
0%
golpe
0%
hacerte
0%
Hazme
0%
Házmelo
0%
llamas
0%
mañana
0%
marchas
0%
mente
0%
mi
0%
0%
noche
0%
pago
0%
Piénsalo,
0%
plan
0%
¿por
0%
reloj
0%
siempre
0%
supere
0%
tienes
0%
Toda
0%
toda
0%
tuyo
0%
vuelves
0%
No se encontraron pruebas coincidentes
Distribución de puntuación
Porcentaje de gente con cada puntuación
Porcentaje por número respondido
Historial de tus puntuaciones
No has intentado esta prueba.